[Event "ALG Cup"]
[Site "Blida et Alger"]
[Date "2016.10.14"]
[Round "6.8"]
[White "Seddaoui, Yamine"]
[Black "Semahi, Lazhar"]
[Result "1-0"]
[WhiteElo "2211"]
[BlackElo "2211"]
[PlyCount "59"]
[EventDate "2016.10.12"]
[EventType "k.o."]
[EventRounds "14"]
[EventCountry "ALG"]
[SourceTitle "EXT 2024"]
[Source "ChessBase"]
[SourceDate "2023.10.10"]
[SourceVersion "1"]
[SourceVersionDate "2023.10.10"]
[SourceQuality "1"]

1. e4 c6 2. Nf3 d5 3. Nc3 d4 4. Ne2 c5 5. Ng3 Nc6 6. Bc4 e5 7. d3 Be7 8. 0-0 Nf6 9. Ng5 0-0 10. f4 Ng4 11. f5 Ne3 12. Bxe3 dxe3 13. Nf3 Rb8 14. c3 Bf6 15. a4 a6 16. Nh5 b5 17. axb5 axb5 18. Bd5 Rb6 19. g4 Bg5 20. Qe2 b4 21. Ra8 Bf4 22. g5 Qd6 23. Qg2 Ne7 24. Bc4 Ba6 25. Nf6+ gxf6 26. gxf6+ Ng6 27. fxg6 Bh6 28. gxf7+ Kh8 29. Qg8+ Rxg8+ 30. Rxg8# 1-0